Fisheries ecologically sustainable development: terms and concepts

Saved in:
Bibliographic Details
Main Author: Harden Jones, F. R (Author)
Format: Book
Language:English
Published: Hobart Institute of Antartic Southern Ocean Studies 1994
Subjects:
Tags: Add Tag
No Tags, Be the first to tag this record!

MARC

LEADER 00000nam a2200000 a 4500
001 UCU1321
003 CL-VaPUC
008 960404e19940000AT |||||||||||||||||eng|d
082 0 4 |a 597.03  |b HAR  |2 21 
100 |a Harden Jones, F. R  |e author  |9 356951 
245 1 0 |a Fisheries ecologically sustainable development: terms and concepts 
300 |a 205 p 
942 |c BK 
945 |d 19960404 00:00:00  |a rbrito 
260 |a Hobart  |b Institute of Antartic Southern Ocean Studies  |c 1994 
650 7 |a PECES  |2 CL-VaPUC  |9 356952 
650 0 |a Ecología marina   |9 259946 
650 7 |a MEDIO AMBIENTE MARINO  |2 CL-VaPUC  |9 356953 
650 0 |a Diccionarios  |9 256200 
583 |a last modification  |c 19960404 00:00:00  |k Rodrigo Vera 
999 |c 245982  |d 245980